Statystyki dla Ułóż ringname zawodnika z WWE z rozsypanych liter

Kliknij tutaj aby rozwiązać quiz!

Ogólne statystyki

  • Ten quiz został rozwiązany 244 razy
  • Średni wynik to 12 z 15

Statystyki odpowiedzi

LiteryRingname% Poprawnych
IBG HOSWBIG SHOW
96%
EANKKANE
96%
RBCOK RLEASNBROCK LESNAR
95%
EHT NURDERTKAETHE UNDERTAKER
89%
OBR AVN DMAROB VAN DAM
88%
YRBA WATYTBRAY WYATT
87%
LOHPD GZIGERLDOLPH ZIGGLER
87%
ASMAO EJOSAMOA JOE
84%
IPAEGPAIGE
80%
TESH LRLSINOSETH ROLLINS
76%
HRCSI EJRCHOICHRIS JERICHO
74%
ANYRD TROONRANDY ORTON
68%
MAAD LOCEADAM COLE
66%
MNROA GRIESNROMAN REIGNS
62%
GANLEO WKNSDAIANGELO DAWKINS
32%

Rozkład punktacji

Percentyl według liczby udzielonych odpowiedzi

Procent ludzi z każdym wynikiem

Twoja historia wyników

Nie rozwiązałeś tego quizu